| 000 | 00605nam a22001577a 4500 | ||
|---|---|---|---|
| 003 | OSt | ||
| 005 | 20150923100055.0 | ||
| 008 | 150923b xxu||||| |||| 00| 0 eng d | ||
| 040 | _cRUA | ||
| 082 | _aAGR HOU 2010 B044 Or.1 | ||
| 100 |
_91154 _aHOU, DANY. |
||
| 245 | _aYield comparison of four chinese kale varieties under net house condition ការប្រៀបធៀបទិន្នផលពូជខាត់ណាបួនពូជក្នុងលក្ខខ័ណ្ឌផ្ទះសំណាញ់ | ||
| 260 |
_aPhnom Penh _bRUA _c2010 |
||
| 300 |
_ax; 47p. _bill. _c29cm. |
||
| 942 |
_2ddc _cAGR |
||
| 999 |
_c1104 _d1104 |
||